[Event "Chess.com Speed Play In"]
[Site "Chess.com INT"]
[Date "2024.06.27"]
[Round "2"]
[White "Bashirli, Saadat"]
[Black "McCoy, Owen"]
[Result "0-1"]
[WhiteElo "1926"]
[BlackElo "2085"]
[PlyCount "134"]
[EventDate "2024.06.27"]
[EventType "swiss (blitz)"]
[EventRounds "11"]
[EventCountry "USA"]
[SourceTitle "CBM 220 Extra"]
[Source "ChessBase"]
[SourceDate "2024.07.31"]
[SourceVersion "1"]
[SourceVersionDate "2024.07.31"]
[SourceQuality "1"]

1. d4 d5 2. e3 Nf6 3. Bd3 c5 4. c3 Nc6 5. f4 Bg4 6. Nf3 e6 7. 0-0 Bd6 8. Qe2 0-0 9. Qf2 Bf5 10. Qc2 Bxd3 11. Qxd3 c4 12. Qe2 Ne4 13. Ne5 Ne7 14. Nd2 Nxd2 15. Bxd2 f5 16. Rf3 Qe8 17. Rh3 Kh8 18. Kh1 Ng8 19. Rg1 Nf6 20. Be1 Ne4 21. g4 fxg4 22. Qxg4 Bxe5 23. dxe5 Qf7 24. Bh4 Rg8 25. Be1 Rgf8 26. Qh4 Qf5 27. Qe7 Rf7 28. Qh4 Raf8 29. b3 b5 30. b4 a6 31. a3 Kg8 32. Rg4 Ra8 33. Kg1 a5 34. Rg2 axb4 35. axb4 Ra1 36. Qd8+ Rf8 37. Qh4 Ra7 38. Rf3 Kh8 39. Rh3 h6 40. Qh5 Qxh5 41. Rxh5 Raf7 42. Rh3 Re8 43. Kf1 Kh7 44. Ke2 Rf5 45. Rf3 Ref8 46. h4 R8f7 47. Rh3 Rh5 48. Rgh2 Rff5 49. Rg2 g6 50. Kd1 g5 51. fxg5 hxg5 52. Kc2 gxh4 53. Rxh4 Rxh4 54. Bxh4 Kh6 55. Rg8 Kh5 56. Bf6 Rf2+ 57. Kd1 Nxc3+ 58. Ke1 Rb2 59. Kf1 Ne4 60. Rh8+ Kg4 61. Be7 Kf3 62. Rf8+ Kxe3 63. Bc5+ Kd3 64. Rc8 c3 65. Rf8 c2 66. Rf3+ Kc4 67. Kg2 c1Q+ 0-1

[Event "Titled Tuesday intern op 04th Jun Early"]
[Site "Chess.com INT"]
[Date "2024.06.04"]
[Round "5"]
[White "McCoy, Owen"]
[Black "Grigorjev, Iljya"]
[Result "1-0"]
[WhiteElo "2085"]
[BlackElo "2433"]
[PlyCount "105"]
[EventDate "2024.06.04"]
[EventType "swiss (blitz)"]
[EventRounds "11"]
[EventCountry "USA"]
[SourceTitle "EXT 2025"]
[Source "ChessBase"]
[SourceDate "2024.10.14"]
[SourceVersion "1"]
[SourceVersionDate "2024.10.14"]
[SourceQuality "1"]

1. d4 Nf6 2. Nc3 d5 3. Bf4 g6 4. e3 Bg7 5. Nb5 Na6 6. h3 0-0 7. Nf3 c6 8. Nc3 Qb6 9. Rb1 Bg4 10. hxg4 Nxg4 11. Bxa6 Qxa6 12. Ne5 Nf6 13. Qf3 c5 14. dxc5 Rfd8 15. Qe2 Qe6 16. Nf3 Rac8 17. Nd4 Qd7 18. Nb3 b6 19. cxb6 axb6 20. Rd1 Qb7 21. Be5 e6 22. Qf3 Qe7 23. 0-0 Rc4 24. Rd4 Nd7 25. Bxg7 Kxg7 26. Rxc4 Ne5 27. Qd1 Nxc4 28. Nd2 Nxb2 29. Qa1 d4 30. Qxb2 dxc3 31. Qxc3+ f6 32. Rb1 Qd7 33. Ne4 e5 34. Ng3 h5 35. Rxb6 h4 36. Nf1 h3 37. Qc6 Qf5 38. gxh3 Rd1 39. Rb7+ Kh6 40. Qg2 e4 41. Rb4 Qd5 42. Qxe4 Qg5+ 43. Qg4 Qd5 44. Rd4 Rxd4 45. Qxd4 Qxa2 46. Qxf6 Qxc2 47. Qh8+ Kg5 48. Qe5+ Kh6 49. Qf4+ Kh7 50. Qg4 g5 51. Qxg5 Qg6 52. Qxg6+ Kh8 53. Qg5 1-0

[Event "Titled Tuesday intern op 04th Jun Early"]
[Site "Chess.com INT"]
[Date "2024.06.04"]
[Round "11"]
[White "McCoy, Owen"]
[Black "Kukhmazov, Arsen"]
[Result "0-1"]
[WhiteElo "2085"]
[BlackElo "2489"]
[PlyCount "190"]
[EventDate "2024.06.04"]
[EventType "swiss (blitz)"]
[EventRounds "11"]
[EventCountry "USA"]
[SourceTitle "EXT 2025"]
[Source "ChessBase"]
[SourceDate "2024.10.14"]
[SourceVersion "1"]
[SourceVersionDate "2024.10.14"]
[SourceQuality "1"]

1. d4 d5 2. Nc3 Nf6 3. Bf4 e6 4. Nb5 Na6 5. e3 Be7 6. a4 0-0 7. c3 c6 8. Na3 Qb6 9. Qc2 c5 10. h3 Bd7 11. Nf3 Rfc8 12. Be2 Ne4 13. 0-0 Be8 14. Nb5 cxd4 15. exd4 f6 16. Qb3 Bf7 17. a5 Qd8 18. Na3 Bd6 19. Be3 Rab8 20. Nb5 Ra8 21. c4 Qd7 22. Nc3 Rab8 23. Rfb1 Nc7 24. Rc1 g5 25. Ne1 h6 26. Bd3 f5 27. Nf3 b6 28. Ne5 Bxe5 29. dxe5 bxa5 30. Qa3 d4 31. Nxe4 fxe4 32. Bxe4 dxe3 33. Qxe3 Qe7 34. Rxa5 a6 35. c5 Rxb2 36. c6 Rb5 37. Ra4 Kg7 38. Qd4 Rd8 39. Qc3 Nd5 40. Qd4 Nf4 41. Qe3 Rxe5 42. c7 Rc8 43. Rac4 a5 44. g3 Ng6 45. Kg2 Qf6 46. Qc3 Rxe4 47. Qxf6+ Kxf6 48. Rxe4 Ne7 49. Ra4 Nd5 50. Rxa5 Rxc7 51. Rxc7 Nxc7 52. Ra7 Nd5 53. Ra5 Bg6 54. Kg1 Be4 55. Ra4 Ke5 56. Ra3 Nb4 57. Ra4 Nd3 58. Ra5+ Bd5 59. Ra4 Nc5 60. Ra7 Kf6 61. Rh7 Kg6 62. Rc7 Ne4 63. Ra7 Nd2 64. Ra6 h5 65. Kh2 Nf3+ 66. Kh1 Kf5 67. Ra7 g4 68. hxg4+ hxg4 69. Ra5 Ke4 70. Kg2 Kd3 71. Kf1 Nd2+ 72. Kg1 Nc4 73. Ra4 Bf3 74. Ra2 e5 75. Kf1 e4 76. Kg1 e3 77. fxe3 Kxe3 78. Rc2 Nd2 79. Rc3+ Kd4 80. Rc8 Ne4 81. Kh2 Ke3 82. Rb8 Be2 83. Rb3+ Kf2 84. Ra3 Nd2 85. Rc3 Nf1+ 86. Kh1 Bf3+ 87. Rxf3+ Kxf3 88. Kg1 Nxg3 89. Kh2 Ne4 90. Kg1 g3 91. Kh1 Ng5 92. Kg1 Nh3+ 93. Kh1 g2+ 94. Kh2 g1Q+ 95. Kxh3 Qg3# 0-1

[Event "Titled Tuesday intern op 04th Jun Early"]
[Site "Chess.com INT"]
[Date "2024.06.04"]
[Round "1"]
[White "McCoy, Owen"]
[Black "Nieto, Agustin"]
[Result "1-0"]
[WhiteElo "2085"]
[BlackElo "2028"]
[PlyCount "63"]
[EventDate "2024.06.04"]
[EventType "swiss (blitz)"]
[EventRounds "11"]
[EventCountry "USA"]
[SourceTitle "EXT 2025"]
[Source "ChessBase"]
[SourceDate "2024.10.14"]
[SourceVersion "1"]
[SourceVersionDate "2024.10.14"]
[SourceQuality "1"]

1. d4 Nf6 2. Nc3 d5 3. Bf4 e6 4. e3 Bd6 5. Bd3 c5 6. Bxd6 Qxd6 7. dxc5 Qxc5 8. Nf3 0-0 9. 0-0 Nc6 10. e4 dxe4 11. Nxe4 Nxe4 12. Bxe4 Rd8 13. Qe2 a6 14. Rfd1 Bd7 15. c3 Rac8 16. Rd2 Be8 17. Rad1 Rxd2 18. Rxd2 b5 19. a3 h6 20. Bb1 Ne7 21. Nd4 Qg5 22. g3 Nc6 23. Nf3 Qf6 24. Qe4 g6 25. h4 h5 26. Ng5 Ne5 27. Qe2 Bc6 28. Be4 Nc4 29. Rd1 Qe5 30. Qf3 Bxe4 31. Qxf7+ Kh8 32. Qh7# 1-0

[Event "Titled Tuesday intern op 28th May Early"]
[Site "Chess.com INT"]
[Date "2024.05.28"]
[Round "2"]
[White "Bornholdt, Joa Max"]
[Black "McCoy, Owen"]
[Result "0-1"]
[WhiteElo "2268"]
[BlackElo "2085"]
[PlyCount "72"]
[EventDate "2024.05.28"]
[EventType "swiss (blitz)"]
[EventRounds "11"]
[EventCountry "USA"]
[SourceTitle "EXT 2025"]
[Source "ChessBase"]
[SourceDate "2024.10.14"]
[SourceVersion "1"]
[SourceVersionDate "2024.10.14"]
[SourceQuality "1"]

1. e4 c5 2. c3 d5 3. exd5 Qxd5 4. d4 cxd4 5. cxd4 Nc6 6. Nf3 Bg4 7. Be2 e6 8. Nc3 Bb4 9. 0-0 Qa5 10. h3 Bxf3 11. Bxf3 Nge7 12. Ne4 Nf5 13. a3 Be7 14. Be3 Rd8 15. b4 Qc7 16. Rc1 Qb8 17. Qa4 0-0 18. d5 exd5 19. Nc5 Nxe3 20. fxe3 Ne5 21. Qb5 b6 22. Na6 Qd6 23. Nc7 Nxf3+ 24. Rxf3 Rc8 25. Qc6 Qxc6 26. Rxc6 Bd8 27. Rd6 Rxc7 28. Rxd5 Bf6 29. g4 Bb2 30. a4 Rfc8 31. Kg2 f6 32. g5 Be5 33. h4 h5 34. gxf6 gxf6 35. Rf2 Rg7+ 36. Kf3 Rc4 0-1

[Event "Titled Tuesday intern op 28th May Early"]
[Site "Chess.com INT"]
[Date "2024.05.28"]
[Round "10"]
[White "McCoy, Owen"]
[Black "Ilkhomi, Jaloliddin"]
[Result "1/2-1/2"]
[WhiteElo "2085"]
[BlackElo "2152"]
[PlyCount "106"]
[EventDate "2024.05.28"]
[EventType "swiss (blitz)"]
[EventRounds "11"]
[EventCountry "USA"]
[SourceTitle "EXT 2025"]
[Source "ChessBase"]
[SourceDate "2024.10.14"]
[SourceVersion "1"]
[SourceVersionDate "2024.10.14"]
[SourceQuality "1"]

1. e4 e6 2. d4 d5 3. Nc3 Bb4 4. e5 c5 5. a3 Bxc3+ 6. bxc3 Qa5 7. Bd2 Qa4 8. Qb1 c4 9. h4 Nc6 10. Rh3 Nge7 11. h5 h6 12. Rg3 Nf5 13. Rg4 Bd7 14. Rf4 Rf8 15. Kd1 0-0-0 16. g4 Nfe7 17. Rf3 Ng8 18. Rg3 f6 19. exf6 Nxf6 20. f3 e5 21. dxe5 Nxe5 22. Bg2 Nd3 23. Ne2 Rde8 24. Nd4 Kb8 25. Qa2 Ka8 26. Rb1 Re7 27. Bf1 Ne4 28. Bxd3 Nxg3 29. Bg6 Nf1 30. Kc1 Nxd2 31. Kxd2 Rf6 32. Qb2 Rb6 33. Qa1 Rxb1 34. Qxb1 Qxa3 35. Qg1 Qd6 36. Qf2 Qf4+ 37. Kd1 Ba4 38. Ne2 Qe5 39. f4 Bxc2+ 40. Bxc2 Qd6 41. Nd4 Qa3 42. Kd2 Qd6 43. g5 a6 44. gxh6 Qxh6 45. Nf5 Qf6 46. Nxe7 Qxe7 47. Qd4 Qf7 48. f5 Qxh5 49. Qxd5 Qg5+ 50. Kd1 Qg1+ 51. Kd2 Qg5+ 52. Kd1 Qg1+ 53. Kd2 Qg5+ 1/2-1/2

[Event "Titled Tuesday intern op 28th May Early"]
[Site "Chess.com INT"]
[Date "2024.05.28"]
[Round "3"]
[White "McCoy, Owen"]
[Black "Lesbekova, Asel"]
[Result "1-0"]
[WhiteElo "2085"]
[BlackElo "1880"]
[PlyCount "35"]
[EventDate "2024.05.28"]
[EventType "swiss (blitz)"]
[EventRounds "11"]
[EventCountry "USA"]
[SourceTitle "EXT 2025"]
[Source "ChessBase"]
[SourceDate "2024.10.14"]
[SourceVersion "1"]
[SourceVersionDate "2024.10.14"]
[SourceQuality "1"]

1. e4 e5 2. Nc3 Nc6 3. Bc4 Nf6 4. d3 d6 5. f4 Be6 6. Bb3 Be7 7. Nf3 d5 8. fxe5 Ng4 9. exd5 Ncxe5 10. dxe6 fxe6 11. Nxe5 Nxe5 12. Qh5+ Ng6 13. 0-0 Qd4+ 14. Kh1 0-0-0 15. Bxe6+ Kb8 16. Bd2 Bc5 17. Rae1 a6 18. Be3 1-0

[Event "Titled Tuesday intern op 28th May Early"]
[Site "Chess.com INT"]
[Date "2024.05.28"]
[Round "6"]
[White "McCoy, Owen"]
[Black "Rodriguez Lopez, David"]
[Result "1-0"]
[WhiteElo "2085"]
[BlackElo "2191"]
[PlyCount "83"]
[EventDate "2024.05.28"]
[EventType "swiss (blitz)"]
[EventRounds "11"]
[EventCountry "USA"]
[SourceTitle "EXT 2025"]
[Source "ChessBase"]
[SourceDate "2024.10.14"]
[SourceVersion "1"]
[SourceVersionDate "2024.10.14"]
[SourceQuality "1"]

1. e4 e5 2. Nf3 Nc6 3. c3 Nf6 4. Qa4 d6 5. d4 exd4 6. cxd4 Bd7 7. Nc3 Be7 8. Qc2 0-0 9. Be3 Re8 10. a3 Bf8 11. Bd3 h6 12. h3 Kh8 13. Rd1 Ne7 14. Bc4 Be6 15. d5 Bd7 16. e5 Nfg8 17. e6 fxe6 18. dxe6 Bc6 19. Ne5 g6 20. Nf7+ Kh7 21. Nxd8 Raxd8 22. 0-0 Bg7 23. Bd4 Nf6 24. Rfe1 Nf5 25. Bxf6 Bxf6 26. Bd3 Ne7 27. Ne4 Bg7 28. Nc3 Rf8 29. b4 a6 30. Bf1 Rf4 31. Ne2 Rf6 32. Nd4 Rdf8 33. Nxc6 bxc6 34. Bxa6 Ra8 35. b5 cxb5 36. Bxb5 Rxa3 37. Qxc7 Bf8 38. Rxd6 Ra2 39. Rd7 Rfxf2 40. Rxe7+ Kg8 41. Bc6 Rac2 42. Rf7 1-0

[Event "Titled Tuesday intern op 14th May Early"]
[Site "Chess.com INT"]
[Date "2024.05.14"]
[Round "6"]
[White "McCoy, Owen"]
[Black "Bogdanov, Artyom"]
[Result "0-1"]
[WhiteElo "2085"]
[BlackElo "2269"]
[PlyCount "90"]
[EventDate "2024.05.14"]
[EventType "swiss (blitz)"]
[EventRounds "11"]
[EventCountry "USA"]
[SourceTitle "EXT 2025"]
[Source "ChessBase"]
[SourceDate "2024.10.14"]
[SourceVersion "1"]
[SourceVersionDate "2024.10.14"]
[SourceQuality "1"]

1. e4 e6 2. d3 d5 3. Nd2 c5 4. Ngf3 Nc6 5. g3 b5 6. Bg2 Nf6 7. 0-0 Be7 8. Re1 Bb7 9. exd5 Nxd5 10. a4 a6 11. c3 b4 12. Qc2 0-0 13. Ne4 Re8 14. h4 h6 15. Ned2 Bf6 16. Ne4 Be7 17. Ned2 a5 18. Nb3 Rc8 19. Nfd2 Ba6 20. Nc4 Qc7 21. Bd2 bxc3 22. bxc3 Bxc4 23. dxc4 Nb6 24. Qe4 Red8 25. Bf4 Bd6 26. Be3 Ne5 27. Nxa5 f5 28. Qc2 Nbxc4 29. Nxc4 Nxc4 30. Qa2 Nxe3 31. Qxe6+ Kh8 32. Rxe3 f4 33. gxf4 Bxf4 34. Rf3 Rf8 35. Kh1 Rce8 36. Qg6 Qe7 37. Qg4 Be5 38. h5 Rxf3 39. Qxf3 Rf8 40. Qe3 Qh4+ 41. Kg1 Bh2+ 42. Kf1 Bg3 43. Ra2 Qc4+ 44. Qe2 Rxf2+ 45. Ke1 Rxe2+ 0-1

[Event "Titled Tuesday intern op 07th May Late"]
[Site "Chess.com INT"]
[Date "2024.05.07"]
[Round "2"]
[White "Casadio, Niccolo"]
[Black "McCoy, Owen"]
[Result "1-0"]
[WhiteElo "2305"]
[BlackElo "2085"]
[PlyCount "83"]
[EventDate "2024.05.07"]
[EventType "swiss (blitz)"]
[EventRounds "11"]
[EventCountry "USA"]
[SourceTitle "EXT 2025"]
[Source "ChessBase"]
[SourceDate "2024.10.14"]
[SourceVersion "1"]
[SourceVersionDate "2024.10.14"]
[SourceQuality "1"]

1. g3 d5 2. Bg2 c5 3. d3 Nc6 4. Nf3 e5 5. 0-0 Be7 6. e4 d4 7. Na3 Nf6 8. Nc4 Nd7 9. a4 b6 10. Nfd2 h5 11. f4 h4 12. Nf3 hxg3 13. hxg3 exf4 14. gxf4 Nf6 15. Nfe5 Bb7 16. Qf3 Nd7 17. Bd2 Qc7 18. Bh3 Nf8 19. Nxc6 Bxc6 20. Ne5 Bb7 21. Kg2 a6 22. Rh1 f6 23. Nc4 Ng6 24. Bf5 Nh4+ 25. Rxh4 Rxh4 26. Qg3 g5 27. fxg5 Qxg3+ 28. Kxg3 fxg5 29. Nxb6 Rd8 30. Ba5 Rd6 31. b4 cxb4 32. Rb1 Rdh6 33. Nc4 Bc6 34. Bxb4 Bxa4 35. Bxe7 Kxe7 36. Rb7+ Kd8 37. Ne5 Ke8 38. Rc7 Bb5 39. Nf3 Rh1 40. Nxd4 Rc1 41. Ne6 Rh4 42. Bg6# 1-0

[Event "Titled Tuesday intern op 20th Feb Late"]
[Site "Chess.com INT"]
[Date "2024.02.20"]
[Round "1"]
[White "McCoy, Owen"]
[Black "Pham, Tran Gia Phuc"]
[Result "1-0"]
[WhiteElo "2085"]
[BlackElo "2416"]
[PlyCount "89"]
[EventDate "2024.02.20"]
[EventType "swiss (blitz)"]
[EventRounds "11"]
[EventCountry "USA"]
[SourceTitle "EXT 2025"]
[Source "ChessBase"]
[SourceDate "2024.10.14"]
[SourceVersion "1"]
[SourceVersionDate "2024.10.14"]
[SourceQuality "1"]

1. e4 c6 2. Nc3 d6 3. Nf3 e5 4. d4 exd4 5. Nxd4 Nf6 6. h3 g6 7. g3 Bg7 8. Bg2 0-0 9. 0-0 Nbd7 10. Nde2 c5 11. Qxd6 Re8 12. Rd1 Qa5 13. f4 Nb6 14. e5 Bd7 15. exf6 Bf8 16. Qd3 Bf5 17. Qf3 Bxc2 18. Rf1 Nc4 19. b3 Nd6 20. Bb2 c4 21. Rfc1 Bd3 22. Kh2 Rad8 23. Ng1 Nf5 24. Qxb7 Qc5 25. Qf3 Re3 26. Qf2 Qd6 27. Nce2 Rde8 28. Re1 h5 29. Be5 R8xe5 30. fxe5 Qxe5 31. Nf4 Bc5 32. Nxd3 cxd3 33. Nf3 Rxe1 34. Qxe1 Qb2 35. Rd1 h4 36. Rd2 hxg3+ 37. Kh1 Qxf6 38. Rxd3 Bf2 39. Qe8+ Kg7 40. Qe5 Qxe5 41. Nxe5 Ne3 42. Ng4 Nf5 43. Nxf2 gxf2 44. Rf3 Nd4 45. Rxf2 1-0

[Event "Titled Tuesday intern op 03rd Oct Early"]
[Site "Chess.com INT"]
[Date "2023.10.03"]
[Round "8"]
[White "Bacrot, Etienne"]
[Black "McCoy, Owen"]
[Result "1-0"]
[WhiteElo "2669"]
[BlackElo "2085"]
[PlyCount "59"]
[EventDate "2023.10.03"]
[EventType "swiss (blitz)"]
[EventRounds "11"]
[EventCountry "USA"]
[SourceTitle "EXT 2025"]
[Source "ChessBase"]
[SourceDate "2024.10.14"]
[SourceVersion "1"]
[SourceVersionDate "2024.10.14"]
[SourceQuality "1"]

1. c4 e5 2. Nc3 Nf6 3. g3 Bb4 4. Bg2 Bxc3 5. bxc3 d6 6. d3 h6 7. e4 0-0 8. h3 Nc6 9. f4 Nd7 10. f5 a6 11. a4 Re8 12. Nf3 Nc5 13. 0-0 Bd7 14. g4 Na5 15. Be3 b5 16. cxb5 axb5 17. g5 Nxa4 18. gxh6 Nxc3 19. Qe1 b4 20. Kh2 f6 21. Rg1 Kf7 22. Bh1 Rg8 23. h7 Rh8 24. Rxg7+ Kxg7 25. Qg3+ Kf8 26. Bh6+ Ke7 27. Qg7+ Ke8 28. Qxh8+ Ke7 29. Qg7+ Ke8 30. h8Q# 1-0

[Event "Titled Tuesday intern op 03rd Oct Early"]
[Site "Chess.com INT"]
[Date "2023.10.03"]
[Round "1"]
[White "Schrik, Rachid"]
[Black "McCoy, Owen"]
[Result "0-1"]
[WhiteElo "2176"]
[BlackElo "2085"]
[PlyCount "122"]
[EventDate "2023.10.03"]
[EventType "swiss (blitz)"]
[EventRounds "11"]
[EventCountry "USA"]
[SourceTitle "EXT 2025"]
[Source "ChessBase"]
[SourceDate "2024.10.14"]
[SourceVersion "1"]
[SourceVersionDate "2024.10.14"]
[SourceQuality "1"]

1. d4 Nf6 2. c4 g6 3. Nc3 Bg7 4. e4 d6 5. f3 0-0 6. Bg5 Nbd7 7. Qd2 e5 8. d5 h6 9. Be3 Kh7 10. h4 a5 11. h5 g5 12. g4 Nc5 13. Nge2 c6 14. Ng3 cxd5 15. cxd5 Bd7 16. Bb5 a4 17. Bxd7 Nfxd7 18. Nf5 Ra6 19. Kf2 Bf6 20. Kg3 Qa5 21. Rhb1 Rfa8 22. Nd1 Bd8 23. Qxa5 Bxa5 24. Bxc5 Nxc5 25. Nde3 b5 26. Kg2 Bd2 27. Nf1 Bf4 28. N1e3 Bxe3 29. Nxe3 b4 30. Rc1 b3 31. Rc4 Nd3 32. axb3 axb3 33. Rxa6 Rxa6 34. Rc6 Ra2 35. Rxd6 Rxb2+ 36. Kf1 Rf2+ 37. Kg1 Rxf3 38. Nc4 Rg3+ 39. Kh2 Rxg4 40. Rb6 Rxe4 41. Rxb3 Rd4 42. Nb6 Nc5 43. Rb1 Ne4 44. Rc1 Kg7 45. Rc7 Nf6 46. Re7 Nxd5 47. Nxd5 Rxd5 48. Kg3 Kf6 49. Ra7 Rd6 50. Ra5 Re6 51. Kf3 Kf5 52. Rb5 g4+ 53. Kg3 Kg5 54. Rb7 f5 55. Rg7+ Kxh5 56. Rg8 Rg6 57. Rh8 Kg5 58. Re8 e4 59. Re7 h5 60. Rh7 f4+ 61. Kh2 e3 0-1

[Event "Titled Tuesday intern op 16th May Early"]
[Site "Chess.com INT"]
[Date "2023.05.16"]
[Round "1"]
[White "McCoy, Owen"]
[Black "Savitha Shri, B."]
[Result "1-0"]
[WhiteElo "2085"]
[BlackElo "2418"]
[PlyCount "45"]
[EventDate "2023.05.16"]
[EventType "swiss (blitz)"]
[EventRounds "11"]
[EventCountry "USA"]
[SourceTitle "CBM 214 Extra"]
[Source "ChessBase"]
[SourceDate "2023.07.31"]
[SourceVersion "1"]
[SourceVersionDate "2023.07.31"]
[SourceQuality "1"]

1. d4 c5 2. e3 cxd4 3. exd4 d5 4. Bd3 Nc6 5. c3 Nf6 6. h3 e6 7. Nf3 Bd6 8. 0-0 0-0 9. Re1 h6 10. a4 a6 11. Bc2 Rb8 12. Nbd2 b5 13. axb5 axb5 14. b4 Ne7 15. Nb3 Qc7 16. Nc5 Bxc5 17. bxc5 Nf5 18. Ne5 b4 19. Bf4 bxc3 20. Nd3 Qb7 21. Rb1 Qxb1 22. Bxb1 Nxd4 23. Bxb8 1-0

[Event "Titled Tuesday intern op 10th Jan Early"]
[Site "Chess.com INT"]
[Date "2023.01.10"]
[Round "2"]
[White "Anton Guijarro, David"]
[Black "McCoy, Owen"]
[Result "1-0"]
[WhiteElo "2679"]
[BlackElo "2085"]
[PlyCount "97"]
[EventDate "2023.01.10"]
[EventType "swiss (blitz)"]
[EventRounds "11"]
[EventCountry "USA"]
[SourceTitle "EXT 2024"]
[Source "ChessBase"]
[SourceDate "2023.10.10"]
[SourceVersion "1"]
[SourceVersionDate "2023.10.10"]
[SourceQuality "1"]

1. Nf3 d5 2. c4 e6 3. g3 Nf6 4. Bg2 Be7 5. 0-0 d4 6. e3 Nc6 7. exd4 Nxd4 8. Nxd4 Qxd4 9. d3 0-0 10. Nc3 Rd8 11. Nb5 Qd7 12. Bf4 Ne8 13. Qb3 c6 14. Nc3 Qxd3 15. Rad1 Qf5 16. Rxd8 Bxd8 17. Rd1 Be7 18. Qa4 e5 19. Bxc6 exf4 20. Be4 Qe6 21. Qxe8+ Bf8 22. Rd8 Qxe8 23. Rxe8 fxg3 24. hxg3 g6 25. Nb5 Kg7 26. a3 a6 27. Nc7 Rb8 28. Nd5 Bd6 29. Nb6 Be6 30. Rxb8 Bxb8 31. Bxb7 a5 32. b4 axb4 33. axb4 Kf8 34. c5 Ke7 35. Bd5 Bf5 36. Nc4 Ba7 37. Kg2 Bd3 38. f4 f5 39. Kf3 Bc2 40. Ke3 Kd7 41. Kd4 Bb3 42. b5 Bxc4 43. Kxc4 Kc8 44. b6 Bb8 45. c6 g5 46. Be6+ Kd8 47. fxg5 Bxg3 48. Bxf5 Bf4 49. Kb5 1-0

[Event "Titled Tuesday intern op 10th Jan Early"]
[Site "Chess.com INT"]
[Date "2023.01.10"]
[Round "1"]
[White "Matveeva, Olga"]
[Black "McCoy, Owen"]
[Result "0-1"]
[WhiteElo "2111"]
[BlackElo "2085"]
[PlyCount "144"]
[EventDate "2023.01.10"]
[EventType "swiss (blitz)"]
[EventRounds "11"]
[EventCountry "USA"]
[SourceTitle "EXT 2024"]
[Source "ChessBase"]
[SourceDate "2023.10.10"]
[SourceVersion "1"]
[SourceVersionDate "2023.10.10"]
[SourceQuality "1"]

1. d4 Nf6 2. c4 e6 3. g3 d5 4. Nf3 dxc4 5. Bg2 Nc6 6. 0-0 a6 7. e3 Rb8 8. Nfd2 e5 9. Bxc6+ bxc6 10. dxe5 Ng4 11. Nxc4 Qg5 12. Nbd2 Be6 13. Qc2 h5 14. Nf3 Qh6 15. h4 Be7 16. e4 Qg6 17. Ng5 Bxc4 18. Qxc4 Nxe5 19. Qc3 f6 20. Bf4 0-0 21. Nf3 Nxf3+ 22. Qxf3 Bd6 23. b3 Rfe8 24. Rfe1 Rb4 25. Rac1 Rbxe4 26. Rxe4 Rxe4 27. Bxd6 cxd6 28. Rxc6 Rxh4 29. Rc8+ Kh7 30. Kg2 Rd4 31. Rc6 h4 32. Rc4 Rxc4 33. bxc4 hxg3 34. fxg3 Qc2+ 35. Kh3 Qg6 36. Qd5 f5 37. c5 dxc5 38. Qxc5 Qh5+ 39. Kg2 Qe2+ 40. Kh3 Qg4+ 41. Kg2 Qe4+ 42. Kh3 Qe6 43. Kg2 Qxa2+ 44. Kh3 Qe6 45. Kg2 Kg6 46. Kf3 Qe4+ 47. Kf2 Qe6 48. Kf3 Kh6 49. Kf2 Qa2+ 50. Kf3 a5 51. Qxf5 Qb3+ 52. Kg2 Qb2+ 53. Kh3 Qb4 54. Qe6+ Kh7 55. Qf5+ Kg8 56. Qe6+ Kf8 57. Qc8+ Kf7 58. Qd7+ Kf8 59. Qc8+ Ke7 60. Qc7+ Kf6 61. Qc6+ Kg5 62. Qd5+ Kh6 63. Qe6+ g6 64. Qe3+ Kh7 65. Qa7+ Kg8 66. Qa8+ Kf7 67. Qd5+ Kg7 68. Qe5+ Kh7 69. Qc7+ Kh6 70. Qd8 a4 71. Qh4+ Qxh4+ 72. Kxh4 a3 0-1

[Event "Titled Tuesday intern op 27th Dec Early"]
[Site "Chess.com INT"]
[Date "2022.12.27"]
[Round "7"]
[White "Feng, Eric1"]
[Black "McCoy, Owen"]
[Result "1-0"]
[WhiteElo "1885"]
[BlackElo "2085"]
[PlyCount "227"]
[EventDate "2022.12.27"]
[EventType "swiss (blitz)"]
[EventRounds "11"]
[EventCountry "USA"]
[SourceTitle "EXT 2024"]
[Source "ChessBase"]
[SourceDate "2023.10.10"]
[SourceVersion "1"]
[SourceVersionDate "2023.10.10"]
[SourceQuality "1"]

1. d4 Nf6 2. c4 g6 3. Nf3 Bg7 4. g3 0-0 5. Bg2 d6 6. 0-0 Nbd7 7. Nc3 e5 8. d5 a5 9. e4 Nc5 10. Qc2 Nfd7 11. Be3 Nb6 12. Nd2 f5 13. f4 exf4 14. Bxf4 fxe4 15. Ncxe4 Bf5 16. Rae1 Qd7 17. Nxc5 Bxc2 18. Nxd7 Nxd7 19. Re7 Rad8 20. Bh3 Nc5 21. b3 c6 22. Rfe1 cxd5 23. cxd5 Nd3 24. Rf1 Bd4+ 25. Kg2 b5 26. Be6+ Kh8 27. Bh6 Rxf1 28. Kxf1 Nc5 29. Nf3 Bd3+ 30. Kg2 Be4 31. Bf7 Bf6 32. Rc7 Nd3 33. Be6 Ne1+ 34. Kf2 Nxf3 35. Ke3 Bxd5 36. Bxd5 Ne5 37. h4 Ng4+ 38. Kf4 Nxh6 39. g4 Ng8 40. g5 Be5+ 41. Ke4 Re8 42. Kd3 b4 43. Ra7 Bg7 44. Rxa5 Ne7 45. Be6 Nc6 46. Ra6 Ne5+ 47. Ke4 Rd8 48. Kd5 h6 49. Rb6 hxg5 50. hxg5 Nf3 51. Rxb4 Nxg5 52. Rh4+ Bh6 53. Rxh6+ Kg7 54. Rh2 Nf3 55. Rf2 Ne5 56. a4 Nd3 57. Rf3 Nb4+ 58. Kc4 Nc6 59. Rf7+ Kh6 60. Rc7 Ne5+ 61. Kd4 g5 62. Bf5 g4 63. Ke4 Kg5 64. Rg7+ Kf6 65. Rh7 d5+ 66. Kf4 g3 67. Rh6+ Kg7 68. Rh3 Nf7 69. Rxg3+ Kf6 70. Rg6+ Ke7 71. Re6+ Kf8 72. Rf6 Ke7 73. Re6+ Kf8 74. Ke3 Rb8 75. Bc2 Nd8 76. Rd6 Ke7 77. Rxd5 Nc6 78. Rc5 Kd6 79. Rc4 Rh8 80. Kd2 Rh2+ 81. Kc3 Rh3+ 82. Kb2 Ne5 83. Rd4+ Kc5 84. Re4 Nc6 85. Rc4+ Kb6 86. Be4 Ne5 87. Rb4+ Kc5 88. Rb5+ Kd6 89. Rd5+ Ke6 90. Rb5 Rh2+ 91. Ka3 Kd6 92. a5 Nd7 93. Rd5+ Kc7 94. Bf5 Nb8 95. Rb5 Nc6 96. Be4 Nd4 97. Rb4 Ne2 98. Rb7+ Kc8 99. a6 Nc1 100. a7 Ra2+ 101. Kb4 Ne2 102. Rb8+ Kc7 103. a8Q Rxa8 104. Rxa8 Nd4 105. Kc5 Ne6+ 106. Kd5 Nf4+ 107. Ke5 Ne2 108. b4 Kb6 109. Rb8+ Ka6 110. Kd5 Nc3+ 111. Kc6 Ka7 112. Kc7 Nb5+ 113. Rxb5 Ka6 114. Ra5# 1-0